[Event "HUN-chT2 Barcza 1819"]
[Site "Hungary"]
[Date "2018.12.02"]
[Round "5.6"]
[White "Botragyi, Tibor"]
[Black "Bekesi, Janos"]
[Result "1-0"]
[WhiteElo "2004"]
[BlackElo "1954"]
[PlyCount "65"]
[EventDate "2018.09.23"]
[EventType "team-tourn"]
[EventRounds "11"]
[EventCountry "HUN"]
[SourceTitle "CBM 189 Extra"]
[Source "ChessBase"]
[SourceDate "2019.06.03"]
[SourceVersion "1"]
[SourceVersionDate "2019.06.03"]
[SourceQuality "1"]
[WhiteTeam "Debrecen Sakkbaratok"]
[BlackTeam "Tiszavasvar"]
[WhiteTeamCountry "HUN"]
[BlackTeamCountry "HUN"]

1. e4 c5 2. c3 d5 3. exd5 Qxd5 4. d4 Nc6 5. Nf3 Nf6 6. Be2 e6 7. 0-0 Be7 8. c4 Qd8 9. dxc5 Qxd1 10. Rxd1 Bxc5 11. Nc3 Bd7 12. Bg5 h6 13. Bh4 Rc8 14. a3 a5 15. Rd2 Nb8 16. Ne5 Bc6 17. Rad1 Be7 18. Nxc6 Nxc6 19. Bg3 0-0 20. Bd6 Bxd6 21. Rxd6 Rfd8 22. b3 Kf8 23. f4 Ke7 24. Rxd8 Rxd8 25. Rxd8 Kxd8 26. Kf2 Kd7 27. Ke3 Kd6 28. Ne4+ Nxe4 29. Kxe4 Kc5 30. Kd3 g5 31. g3 b6 32. Bf3 Nd4 33. b4+ 1-0

[Event "HUN-chT2 Barcza 1819"]
[Site "Hungary"]
[Date "2018.10.07"]
[Round "2.6"]
[White "Bekesi, Janos"]
[Black "Kovacs, Marton"]
[Result "0-1"]
[WhiteElo "1954"]
[BlackElo "2115"]
[PlyCount "72"]
[EventDate "2018.09.23"]
[EventType "team-tourn"]
[EventRounds "11"]
[EventCountry "HUN"]
[SourceTitle "CBM 189 Extra"]
[Source "ChessBase"]
[SourceDate "2019.06.03"]
[SourceVersion "1"]
[SourceVersionDate "2019.06.03"]
[SourceQuality "1"]
[WhiteTeam "Tiszavasvar"]
[BlackTeam "Hajduboszormeny"]
[WhiteTeamCountry "HUN"]
[BlackTeamCountry "HUN"]

1. d4 d5 2. c4 e6 3. Nf3 c6 4. e3 f5 5. Bd3 Nf6 6. 0-0 Bd6 7. Nc3 Ne4 8. Ne5 0-0 9. f4 Nd7 10. c5 Be7 11. Bd2 g5 12. Bxe4 dxe4 13. Qb3 Kg7 14. Rad1 Nxe5 15. fxe5 b6 16. cxb6 Qxb6 17. Qc2 Ba6 18. Na4 Qd8 19. Rf2 Qd5 20. Nc3 Qd7 21. Qa4 Bd3 22. b4 Rfb8 23. a3 a5 24. bxa5 Qc7 25. Na2 Rb2 26. Ra1 Bc2 27. Qc4 Bb3 28. Qc3 Rxa2 29. Rb1 Bd5 30. Rb6 Rxa3 31. Qb2 c5 32. g4 f4 33. exf4 e3 34. Bxe3 Rxe3 35. Qd2 cxd4 36. Qxd4 Bc5 0-1

[Event "HUN-chT2 Barcza 1617"]
[Site "Hungary"]
[Date "2017.02.26"]
[Round "9.5"]
[White "Bekesi, Janos"]
[Black "Czina, Tivadar"]
[Result "1/2-1/2"]
[WhiteElo "1968"]
[BlackElo "2148"]
[PlyCount "79"]
[EventDate "2016.09.25"]
[EventType "team-tourn"]
[EventRounds "11"]
[EventCountry "HUN"]
[SourceTitle "EXT 2021"]
[Source "ChessBase"]
[SourceDate "2020.10.23"]
[SourceVersion "1"]
[SourceVersionDate "2020.10.23"]
[SourceQuality "1"]
[WhiteTeam "Tiszavasvar"]
[BlackTeam "Sajobabony"]
[WhiteTeamCountry "HUN"]
[BlackTeamCountry "HUN"]

1. e4 c5 2. c3 Nf6 3. e5 Nd5 4. Nf3 Nc6 5. Bc4 Nb6 6. Bb3 e6 7. d4 cxd4 8. cxd4 d6 9. Qe2 dxe5 10. dxe5 Bb4+ 11. Bd2 Bxd2+ 12. Nbxd2 Nd4 13. Nxd4 Qxd4 14. Nc4 Nxc4 15. Bxc4 0-0 16. Rd1 Qh4 17. 0-0 b6 18. Rd6 Bb7 19. Rfd1 Rac8 20. R6d4 Qg5 21. f4 Qe7 22. h3 g6 23. Kh2 Rfd8 24. Rd6 Rxd6 25. exd6 Qd7 26. Bb5 Bc6 27. Bxc6 Qxc6 28. Qe5 Qd7 29. b4 b5 30. Qf6 Rc2 31. Qe7 Qc6 32. Qg5 h6 33. Qg3 Qd7 34. Qb3 Qc6 35. Qg3 Qd7 36. a3 a6 37. Rd4 Kh7 38. Qd3 Rc6 39. h4 h5 40. Qd2 1/2-1/2

[Event "HUN-chT2 Barcza 1617"]
[Site "Hungary"]
[Date "2016.11.27"]
[Round "5.5"]
[White "Bekesi, Janos"]
[Black "Kristofori, Attila"]
[Result "1/2-1/2"]
[WhiteElo "1968"]
[BlackElo "2082"]
[PlyCount "91"]
[EventDate "2016.09.25"]
[EventType "team-tourn"]
[EventRounds "11"]
[EventCountry "HUN"]
[SourceTitle "EXT 2021"]
[Source "ChessBase"]
[SourceDate "2020.10.23"]
[SourceVersion "1"]
[SourceVersionDate "2020.10.23"]
[SourceQuality "1"]
[WhiteTeam "Tiszavasvar"]
[BlackTeam "Nyiregyhaza SISE"]
[WhiteTeamCountry "HUN"]
[BlackTeamCountry "HUN"]

1. d4 Nf6 2. c4 e6 3. Nf3 b6 4. g3 Bb7 5. Bg2 Be7 6. 0-0 0-0 7. Nc3 Ne4 8. d5 Nxc3 9. bxc3 Bf6 10. Nd4 e5 11. Nf5 d6 12. e4 Bc8 13. Qd3 Bxf5 14. exf5 Nd7 15. Be3 Re8 16. Be4 h6 17. Qe2 Bg5 18. Rae1 Bxe3 19. fxe3 Qg5 20. Qf3 Nf6 21. Kg2 h5 22. h3 h4 23. g4 Rab8 24. a4 a6 25. Rb1 Nd7 26. Bc2 Qf6 27. e4 Qg5 28. Rf2 Nf6 29. Kh2 Rec8 30. Bd3 Nd7 31. Rfb2 a5 32. c5 Nxc5 33. Bb5 f6 34. Re2 Kh7 35. Rg1 Kh6 36. Rf1 Rf8 37. Ref2 Rf7 38. Kh1 Rg8 39. Rg1 Re7 40. Qe2 Rb8 41. Rd1 Nb7 42. Kh2 Nd8 43. Kh1 Nf7 44. Kh2 Kh7 45. Rg1 Nh6 46. Rgf1 1/2-1/2

[Event "HUN-chT2 Barcza 1617"]
[Site "Hungary"]
[Date "2016.10.09"]
[Round "2.5"]
[White "Szabo, Istvan1111"]
[Black "Bekesi, Janos"]
[Result "1-0"]
[WhiteElo "1954"]
[BlackElo "1968"]
[PlyCount "69"]
[EventDate "2016.09.25"]
[EventType "team-tourn"]
[EventRounds "11"]
[EventCountry "HUN"]
[SourceTitle "EXT 2021"]
[Source "ChessBase"]
[SourceDate "2020.10.23"]
[SourceVersion "1"]
[SourceVersionDate "2020.10.23"]
[SourceQuality "1"]
[WhiteTeam "Hajduszoboszlo"]
[BlackTeam "Tiszavasvar"]
[WhiteTeamCountry "HUN"]
[BlackTeamCountry "HUN"]

1. c4 e5 2. Nc3 c6 3. Nf3 d6 4. g3 Be6 5. b3 Nf6 6. Bg2 Be7 7. 0-0 Nbd7 8. d4 0-0 9. e4 Bg4 10. Re1 Qc7 11. Bb2 Rad8 12. Rc1 Rfe8 13. h3 Bh5 14. d5 c5 15. Qd3 a6 16. Nd2 h6 17. Nf1 Nf8 18. Ne3 Bg6 19. Bf3 N8h7 20. h4 Nh5 21. Qd1 N5f6 22. h5 Bxe4 23. Nxe4 Nxe4 24. Bxe4 Ng5 25. Nf5 Bf6 26. Rc2 Qd7 27. Qg4 b5 28. Bc1 bxc4 29. Bxg5 Bxg5 30. Rxc4 Kh8 31. Kg2 Rg8 32. Rh1 Rgf8 33. Bd3 e4 34. Qxe4 Rfe8 35. Ne7 1-0

[Event "HUN-chT2 Barcza 1516"]
[Site "Hungary"]
[Date "2015.11.08"]
[Round "4.6"]
[White "Benedek, Zoltan"]
[Black "Bekesi, Janos"]
[Result "1/2-1/2"]
[WhiteElo "2184"]
[BlackElo "1947"]
[PlyCount "98"]
[EventDate "2015.09.13"]
[EventType "team-tourn"]
[EventRounds "11"]
[EventCountry "HUN"]
[SourceTitle "CBM 170 Extra"]
[Source "ChessBase"]
[SourceDate "2016.02.25"]
[SourceVersion "1"]
[SourceVersionDate "2016.02.25"]
[SourceQuality "1"]
[WhiteTeam "Edeleny"]
[BlackTeam "Tiszavasvar"]
[WhiteTeamCountry "HUN"]
[BlackTeamCountry "HUN"]

1. d4 d5 2. Nf3 Nf6 3. c4 e6 4. Nc3 Be7 5. Bg5 0-0 6. e3 a6 7. cxd5 exd5 8. Qc2 Nc6 9. a3 Re8 10. Bd3 h6 11. Bh4 Be6 12. b4 Qd7 13. 0-0 Bg4 14. Nd2 Rad8 15. f3 Be6 16. Bf2 Kh8 17. Rfc1 Nb8 18. Na4 c6 19. Nc5 Qc7 20. a4 Bd6 21. Nf1 Nbd7 22. Nxe6 fxe6 23. b5 axb5 24. axb5 c5 25. Bg6 Rf8 26. dxc5 Nxc5 27. Bg3 b6 28. f4 e5 29. fxe5 Bxe5 30. Bxe5 Qxe5 31. Qf5 Qd6 32. Qh3 Nfd7 33. Bh5 d4 34. Rd1 d3 35. Nd2 Ne5 36. Ra7 Rf6 37. Qg3 g6 38. Bf3 Nxf3+ 39. gxf3 Qe6 40. Re1 Rdf8 41. Kg2 Rf5 42. Qh4 Rh5 43. Qd4+ Qe5 44. Nc4 Rxh2+ 45. Kg1 Qxd4 46. exd4 Re2 47. Rd1 Rxf3 48. dxc5 bxc5 49. b6 Rg3+ 1/2-1/2

[Event "HUN-chT2 Barcza 1415"]
[Site "Hungary"]
[Date "2015.04.26"]
[Round "?"]
[White "Oros, Robert"]
[Black "Bekesi, Janos"]
[Result "1-0"]
[WhiteElo "2265"]
[BlackElo "1974"]
[PlyCount "61"]
[EventDate "2014.09.07"]
[EventType "team-tourn"]
[EventRounds "11"]
[EventCountry "HUN"]
[SourceTitle "EXT 2016"]
[Source "ChessBase"]
[SourceDate "2015.10.08"]
[SourceVersion "1"]
[SourceVersionDate "2015.10.08"]
[SourceQuality "1"]
[WhiteTeam "Nyiregyhaza"]
[BlackTeam "Tiszavasvar"]
[WhiteTeamCountry "HUN"]
[BlackTeamCountry "HUN"]

1. e4 c5 2. Nf3 g6 3. g3 Bg7 4. Bg2 d6 5. 0-0 Nf6 6. Re1 e5 7. c3 0-0 8. d4 Nc6 9. h3 Bd7 10. Na3 Ne8 11. dxc5 dxc5 12. Nc4 Be6 13. Qe2 Bxc4 14. Qxc4 Qe7 15. Be3 b6 16. b4 Nc7 17. bxc5 b5 18. Qe2 Rab8 19. Red1 Ne6 20. Rd6 Na5 21. Rad1 Rfd8 22. a4 Nc4 23. Rxd8+ Nxd8 24. Bg5 f6 25. axb5 Qxc5 26. Bf1 Nb6 27. Nxe5 Qe7 28. Qa2+ Kf8 29. Nxg6+ hxg6 30. Bf4 Qb7 31. Bd6+ 1-0

[Event "HUN-chT2 Barcza 1415"]
[Site "Hungary"]
[Date "2015.03.22"]
[Round "?"]
[White "Marko, Arpad"]
[Black "Bekesi, Janos"]
[Result "1-0"]
[WhiteElo "1974"]
[BlackElo "1974"]
[PlyCount "57"]
[EventDate "2014.09.07"]
[EventType "team-tourn"]
[EventRounds "11"]
[EventCountry "HUN"]
[SourceTitle "EXT 2016"]
[Source "ChessBase"]
[SourceDate "2015.10.08"]
[SourceVersion "1"]
[SourceVersionDate "2015.10.08"]
[SourceQuality "1"]
[WhiteTeam "Kazincbarcika"]
[BlackTeam "Tiszavasvar"]
[WhiteTeamCountry "HUN"]
[BlackTeamCountry "HUN"]

1. e4 Nf6 2. e5 Nd5 3. c4 Nb6 4. d4 d6 5. Nf3 dxe5 6. Nxe5 N8d7 7. Bf4 Nxe5 8. Bxe5 Be6 9. Nc3 c6 10. d5 cxd5 11. cxd5 Bd7 12. Qd4 f6 13. Bg3 Rc8 14. Be2 g6 15. 0-0 Bg7 16. a4 a5 17. Nb5 0-0 18. Rfc1 Rxc1+ 19. Rxc1 Bxb5 20. Bxb5 e5 21. Qc5 Bh6 22. Rd1 Rf7 23. d6 Bf8 24. f4 Nd7 25. Qc7 Qe8 26. Bc4 e4 27. Bxf7+ Qxf7 28. Qxb7 e3 29. Qd5 1-0

[Event "HUN-chT2 Barcza 1415"]
[Site "Hungary"]
[Date "2014.10.12"]
[Round "?"]
[White "Szakaly, Balazs"]
[Black "Bekesi, Janos"]
[Result "1-0"]
[WhiteElo "2070"]
[BlackElo "1974"]
[PlyCount "133"]
[EventDate "2014.09.07"]
[EventType "team-tourn"]
[EventRounds "11"]
[EventCountry "HUN"]
[SourceTitle "EXT 2016"]
[Source "ChessBase"]
[SourceDate "2015.10.08"]
[SourceVersion "1"]
[SourceVersionDate "2015.10.08"]
[SourceQuality "1"]
[WhiteTeam "Debrecen Sakkbaratok"]
[BlackTeam "Tiszavasvar"]
[WhiteTeamCountry "HUN"]
[BlackTeamCountry "HUN"]

1. e4 e5 2. Nf3 Nc6 3. Bb5 a6 4. Ba4 Nf6 5. 0-0 Be7 6. Re1 d6 7. h3 0-0 8. c3 b5 9. Bb3 Na5 10. Bc2 c5 11. d4 Qc7 12. Nbd2 cxd4 13. cxd4 Bb7 14. Nf1 Rac8 15. Bd3 Nc6 16. d5 Nb8 17. Ng3 g6 18. Bh6 Rfe8 19. Qd2 Nbd7 20. Nf5 Nf8 21. N3h4 Nh5 22. Nxe7+ Qxe7 23. g3 Rc7 24. Rac1 Rec8 25. Be2 Nf6 26. Bf3 Rc4 27. Rxc4 Rxc4 28. b3 Rc5 29. Qg5 Bc8 30. Bg2 Rc2 31. Rc1 Rxc1+ 32. Qxc1 Qd8 33. Bg5 Kg7 34. Nf3 N8d7 35. Ne1 Bb7 36. Nd3 Qc8 37. Qd2 Ne8 38. Bh6+ Kg8 39. f4 Nc5 40. fxe5 Nxd3 41. Qxd3 dxe5 42. Bd2 Qc5+ 43. Be3 Qb4 44. Kh2 Qd6 45. Qc2 Qc7 46. Qf2 Kg7 47. Bc5 Nd6 48. b4 Bc8 49. g4 f6 50. Qg3 Nb7 51. Qf2 Nd6 52. Bxd6 Qxd6 53. Qc5 Qd7 54. Bf3 f5 55. gxf5 gxf5 56. Qg1+ Kh8 57. Qg5 Qg7 58. Qd8+ Qg8 59. Qf6+ Qg7 60. Qd8+ Qg8 61. Qe7 Qg7 62. Qe8+ Qg8 63. Qxe5+ Qg7 64. Qe8+ Qg8 65. Qxg8+ Kxg8 66. e5 Kf7 67. Kg3 1-0

[Event "HUN-chT2 Barcza 1112 "]
[Site "Hungary"]
[Date "2012.04.22"]
[Round "9"]
[White "Bekesi, Janos"]
[Black "Somodi, Krisztian"]
[Result "1/2-1/2"]
[WhiteElo "1959"]
[BlackElo "2020"]
[PlyCount "97"]
[EventDate "2011.09.25"]
[EventType "team-tourn"]
[EventRounds "11"]
[EventCountry "HUN"]
[SourceTitle "EXT 2013"]
[Source "ChessBase"]
[SourceDate "2012.11.22"]
[SourceVersion "1"]
[SourceVersionDate "2012.11.22"]
[SourceQuality "1"]
[WhiteTeam "Tiszavasvar"]
[BlackTeam "DEAC"]
[WhiteTeamCountry "HUN"]
[BlackTeamCountry "HUN"]

1. e4 e5 2. Nc3 Nc6 3. Bc4 Nf6 4. Nf3 Bc5 5. 0-0 d6 6. h3 0-0 7. d3 Be6 8. Bxe6 fxe6 9. Be3 Bb6 10. Bxb6 axb6 11. d4 exd4 12. Nxd4 Qd7 13. f4 d5 14. e5 Nxd4 15. Qxd4 Ne8 16. a4 c5 17. Qd3 Nc7 18. b3 Rf7 19. Rf3 b5 20. Raf1 b4 21. Ne2 b5 22. axb5 Qxb5 23. Qd2 Qd7 24. g4 Raf8 25. Ng3 Nb5 26. f5 Nd4 27. R3f2 Qc7 28. Qe3 Qd7 29. f6 g6 30. h4 Kh8 31. h5 Rg8 32. hxg6 Rxg6 33. Qf4 Qb5 34. Rh2 Kg8 35. Rff2 Nc6 36. Rh5 Qb7 37. Rg5 Rxg5 38. Qxg5+ Kf8 39. Ne2 Qa7 40. Nf4 Nd4 41. Qh6+ Ke8 42. g5 Nf5 43. Qh3 Qa1+ 44. Qf1 Qxf1+ 45. Kxf1 Nd4 46. g6 hxg6 47. Nxg6 Nc6 48. Rh2 Nd8 49. Ke2 1/2-1/2

[Event "HUN-chT2 Barcza 1112 "]
[Site "Hungary"]
[Date "2011.11.27"]
[Round "4"]
[White "Bekesi, Janos"]
[Black "Kelemen, Imre"]
[Result "0-1"]
[WhiteElo "1959"]
[BlackElo "2132"]
[PlyCount "56"]
[EventDate "2011.09.25"]
[EventType "team-tourn"]
[EventRounds "11"]
[EventCountry "HUN"]
[SourceTitle "EXT 2013"]
[Source "ChessBase"]
[SourceDate "2012.11.22"]
[SourceVersion "1"]
[SourceVersionDate "2012.11.22"]
[SourceQuality "1"]
[WhiteTeam "Tiszavasvar"]
[BlackTeam "Debrecen Sakkbaratok"]
[WhiteTeamCountry "HUN"]
[BlackTeamCountry "HUN"]

1. e4 c5 2. Nf3 Nc6 3. d4 cxd4 4. Nxd4 g6 5. Be2 Bg7 6. c3 Nf6 7. Qc2 d6 8. Be3 Ng4 9. Bxg4 Bxg4 10. Nd2 Rc8 11. Qa4 a6 12. Nxc6 Rxc6 13. Bd4 b5 14. Qb4 e5 15. Be3 0-0 16. f3 Be6 17. 0-0 Qc7 18. a4 Rb8 19. axb5 Rxb5 20. Qa3 Bf8 21. Rfc1 d5 22. b4 a5 23. Qa4 Rxc3 24. Nf1 Rxb4 25. Qe8 Rxc1 26. Rxc1 Qb8 27. Qxb8 Rxb8 28. exd5 Bxd5 0-1

[Event "HUN-chT2 Barcza 1011"]
[Site "Hungary"]
[Date "2011.05.15"]
[Round "11.5"]
[White "Miklosi, Attila"]
[Black "Bekesi, Janos"]
[Result "0-1"]
[WhiteElo "2112"]
[BlackElo "1959"]
[PlyCount "74"]
[EventDate "2010.09.12"]
[EventType "team-tourn"]
[EventRounds "11"]
[EventCountry "HUN"]
[SourceTitle "EXT 2012"]
[Source "ChessBase"]
[SourceDate "2011.11.24"]
[SourceVersion "1"]
[SourceVersionDate "2011.11.24"]
[SourceQuality "1"]
[WhiteTeam "Hajduboszormeny"]
[BlackTeam "Tiszavasvar"]
[WhiteTeamCountry "HUN"]
[BlackTeamCountry "HUN"]

1. d4 Nf6 2. Nf3 d5 3. Bf4 e6 4. e3 Bd6 5. Bg3 Bxg3 6. hxg3 Nbd7 7. Bd3 c6 8. c3 Qe7 9. Nbd2 e5 10. dxe5 Ng4 11. e6 Nde5 12. Nxe5 Nxe5 13. exf7+ Qxf7 14. Nf3 Nxd3+ 15. Qxd3 Bf5 16. Qd4 0-0 17. 0-0 Rae8 18. Ne5 Qe7 19. f4 a6 20. c4 Be4 21. cxd5 cxd5 22. Rac1 Rc8 23. Rc3 h5 24. Rfc1 Rxc3 25. Qxc3 h4 26. g4 h3 27. g3 h2+ 28. Kxh2 g5 29. Kg1 Qh7 30. Kf2 Qh2+ 31. Kf1 Qg2+ 32. Ke1 Qxg3+ 33. Ke2 gxf4 34. exf4 Qxf4 35. Nd3 Qh2+ 36. Ke1 Qg1+ 37. Ke2 Qg2+ 0-1

[Event "HUN-chT2 Barcza 1011"]
[Site "Hungary"]
[Date "2011.04.17"]
[Round "9.6"]
[White "Bekesi, Janos"]
[Black "Kiss, Gergely"]
[Result "1/2-1/2"]
[WhiteElo "1959"]
[BlackElo "2270"]
[PlyCount "109"]
[EventDate "2010.09.12"]
[EventType "team-tourn"]
[EventRounds "11"]
[EventCountry "HUN"]
[SourceTitle "EXT 2012"]
[Source "ChessBase"]
[SourceDate "2011.11.24"]
[SourceVersion "1"]
[SourceVersionDate "2011.11.24"]
[SourceQuality "1"]
[WhiteTeam "Tiszavasvar"]
[BlackTeam "Debrecen Sakkbaratok"]
[WhiteTeamCountry "HUN"]
[BlackTeamCountry "HUN"]

1. e4 c5 2. d4 cxd4 3. c3 d5 4. exd5 Qxd5 5. cxd4 e6 6. Nc3 Bb4 7. a3 Bxc3+ 8. bxc3 Nc6 9. Nf3 Nf6 10. Be2 0-0 11. 0-0 b5 12. Rb1 a6 13. Nd2 Qf5 14. Bf3 Bd7 15. Re1 Rac8 16. Ne4 Nxe4 17. Bxe4 Qf6 18. Re3 Qh4 19. Qd3 f5 20. Bf3 Rfe8 21. d5 Na5 22. dxe6 Bxe6 23. Rxe6 Rxe6 24. Bd5 Qf6 25. Be3 Kf8 26. Bxe6 Qxe6 27. Re1 Kg8 28. Bd2 Qf6 29. Qd5+ Qf7 30. Qd6 Qc4 31. Re7 Nc6 32. Rd7 Qe2 33. h3 Qe5 34. Qd3 Rf8 35. g3 Qe6 36. Rd6 Ne5 37. Rxe6 Nxd3 38. Rxa6 Ne5 39. Be3 Rc8 40. Bd4 Nf3+ 41. Kg2 Nxd4 42. cxd4 Rd8 43. Ra5 Rxd4 44. Rxb5 Ra4 45. Rxf5 Rxa3 46. h4 g6 47. Rc5 h5 48. Rc7 Rb3 49. Kf1 Rb2 50. Ke1 Ra2 51. Rd7 Rb2 52. Rd2 Rb3 53. Ke2 Kg7 54. Rd3 Rb1 55. Ke3 1/2-1/2

[Event "HUN-chT2 Barcza 1011"]
[Site "Hungary"]
[Date "2010.11.21"]
[Round "6.6"]
[White "Karacsony, Zsolt"]
[Black "Bekesi, Janos"]
[Result "1-0"]
[WhiteElo "2048"]
[BlackElo "1959"]
[PlyCount "55"]
[EventDate "2010.09.12"]
[EventType "team-tourn"]
[EventRounds "11"]
[EventCountry "HUN"]
[SourceTitle "EXT 2012"]
[Source "ChessBase"]
[SourceDate "2011.11.24"]
[SourceVersion "1"]
[SourceVersionDate "2011.11.24"]
[SourceQuality "1"]
[WhiteTeam "Sajoszentpeter"]
[BlackTeam "Tiszavasvar"]
[WhiteTeamCountry "HUN"]
[BlackTeamCountry "HUN"]

1. e4 e5 2. Nf3 Nf6 3. Nc3 Nc6 4. Bc4 Be7 5. d3 0-0 6. 0-0 d6 7. h3 Na5 8. Nd2 Nxc4 9. Nxc4 Be6 10. Ne3 c6 11. f4 exf4 12. Rxf4 g6 13. d4 Nh5 14. Rf2 d5 15. exd5 cxd5 16. Ng4 Nf6 17. Nh6+ Kg7 18. Qf3 Rc8 19. Be3 Rxc3 20. bxc3 Ne4 21. Ng4 Bxg4 22. hxg4 Bh4 23. Re2 Bg3 24. Bf4 Qh4 25. Bxg3 Nxg3 26. Ree1 Qh1+ 27. Kf2 Ne4+ 28. Qxe4 1-0

[Event "HUN-chT2 Barcza 1011"]
[Site "Hungary"]
[Date "2010.10.24"]
[Round "4.7"]
[White "Neuberger, Attila"]
[Black "Bekesi, Janos"]
[Result "0-1"]
[WhiteElo "2018"]
[BlackElo "1959"]
[PlyCount "86"]
[EventDate "2010.09.12"]
[EventType "team-tourn"]
[EventRounds "11"]
[EventCountry "HUN"]
[SourceTitle "EXT 2012"]
[Source "ChessBase"]
[SourceDate "2011.11.24"]
[SourceVersion "1"]
[SourceVersionDate "2011.11.24"]
[SourceQuality "1"]
[WhiteTeam "Kazincbarcika"]
[BlackTeam "Tiszavasvar"]
[WhiteTeamCountry "HUN"]
[BlackTeamCountry "HUN"]

1. c4 Nf6 2. Nc3 d5 3. cxd5 Nxd5 4. e4 Nxc3 5. bxc3 g6 6. f4 Bg7 7. Nf3 0-0 8. Bc4 c6 9. 0-0 b5 10. Bb3 Bb7 11. Ba3 Nd7 12. d4 c5 13. Qe2 Qa5 14. Bb2 e6 15. a4 b4 16. c4 cxd4 17. Bxd4 Bxd4+ 18. Nxd4 Qc5 19. Rad1 Nf6 20. e5 Ne4 21. Qe3 Nc3 22. Rd3 Rad8 23. Nf3 Qxe3+ 24. Rxe3 Bxf3 25. gxf3 Rd2 26. Rf2 Rfd8 27. a5 Rxf2 28. Kxf2 Rd2+ 29. Ke1 Rb2 30. Bd1 Rxh2 31. Be2 Rxe2+ 32. Rxe2 Nxe2 33. Kxe2 h5 34. c5 Kf8 35. Kd3 h4 36. Kc4 h3 37. Kxb4 h2 38. Kb5 h1Q 39. Kc6 Qxf3+ 40. Kc7 Qa8 41. c6 Ke8 42. a6 Qd8+ 43. Kb7 Qb6+ 0-1